000
00320nam a2200121Ia 4500
008
220217s9999||||xx |||||||||||||| ||und||
082
_a
604 GOP
100
_a
Gopalakrishna, K R
245
0
_a
Text book of engineering graphics
260
_a
Subhas stores
_b
Bangalore
_c
1999
300
_b
150
650
_a
MECHANICHAL
999
_c
165209
_d
165209